000 00599nam a2200205Ia 4500
001 51689
008 140503s9999 xx 000 0 und d
020 _a9788175545663
040 _cPK-LaUMT
082 _a 658.4058
_bPOW-O
100 _aPower, Mark J.
245 4 _aThe outsourcing handbook
_bhow to implement a successful outsourcing process
_cPower, Mark J.<>Bonifazi, Carlo<>Desouza, Kevin C.
260 _aLondon,UK:
_bKogan Page,
_c2010
300 _a222 p.
546 _aEN
650 _aStrategic assessment
700 _aBonifazi, Carlo
700 _aDesouza, Kevin C.
942 _cBK
999 _c49158
_d49158